000 00569nam a2200181 i 4500
001 113341
003 ES-MaACL
005 20230906185843.0
007 t|
008 061121s1915 fr r ||||1| fre d
100 1 _aMurat, Louis.
_984541
245 1 2 _aL'idee de Dieu dans les sciences contemporaines
_b: les merveilles du monde animal /
_cpar Dr. Louis Murat ; en collaboratión avec le Dr. Paul Murat.
250 _a2e èd.
260 _aParis :
_bP. Tequi,
_c1915.
300 _a390 p. ;
_c19 cm.
700 1 _aMurat, Paul.
_984542
852 _aES-MaACL
_jD-1336
999 _c113341
_d113341